01052nam a2200265 i 4500001001000000003000900010005001700019007000300036008004100039040003000080082001300110100003600123245011700159264005100276300005900327336002700386337003300413338002800446500004900474590002700523910001400550942001400564952019100578999001700769000026461DO-SdBNP20231024115524.0ta110318s1980 dr abc 000 0 spa d aDO-SdBNPbspacBNPHUerda 222bT266 aTejada Castillo, Ramón93758010aGeografía general y de América :b3ro. educación media (1ro. del bachillerato) /cRamón Tejada Castillo. 1aSanto Domingo :bAlfa y Omega,bDisesa,c1980. a334 páginasbilustraciones., mapas, retratosc25 cm. 2rdacontentatextobtxt 2rdamediaasin mediaciónbn 2rdacarrieravolumenbnc a3ro Educación media (1ro del bachillerato) aInventariado, 2023/ YL aYLockward 2ddccLBS1 00102ddc718PDaBNPHUbBNPHUcCTd2014-12-01eBarbara SuncariLF1l0o p26461-10r2020-06-25w2020-06-25yLBS1zPerteneció a la biblioteca personal de Bárbara SuncarZNo se presta c25953d25953